Symbolic logic
Salvato in:
| Autori principali: | , |
|---|---|
| Natura: | Libro |
| Lingua: | inglese |
| Pubblicazione: |
Nueva York
Dover
1959
|
| Edizione: | 2a. ed |
| Soggetti: | |
| Tags: |
Aggiungi Tag
Nessun Tag, puoi essere il primo ad aggiungerne!!
|
MARC
| LEADER | 00000nam a2200000 a 4500 | ||
|---|---|---|---|
| 001 | UCZ4580 | ||
| 003 | CL-VaPUC | ||
| 008 | 951110e19590000US |||||||||||||||||eng|d | ||
| 082 | 0 | 4 | |a 511.3 |b LEW |2 21 |
| 100 | 0 | |a Lewis, Clarence Irving |e author |9 348585 | |
| 700 | 0 | |a Langford, Cooper Harold |e author |9 348586 | |
| 245 | 1 | 0 | |a Symbolic logic |
| 250 | |a 2a. ed | ||
| 300 | |a 518 p | ||
| 942 | |c BK | ||
| 945 | |d 19951110 00:00:00 |a cmena | ||
| 260 | |a Nueva York |b Dover |c 1959 | ||
| 650 | 0 | |a Lógica |9 256849 | |
| 650 | 0 | |a Simbolismo |9 267046 | |
| 650 | 0 | |a Matemática |9 260235 | |
| 650 | 0 | |a Filosofía de las ciencias |9 256466 | |
| 650 | 0 | |a Álgebra |9 259567 | |
| 650 | 0 | |a Cálculo |9 260234 | |
| 650 | 0 | |a Razón |9 314475 | |
| 650 | 7 | |a DEDUCCION |2 CL-VaPUC |9 336246 | |
| 583 | |a last modification |c 19951110 00:00:00 |k Rodrigo Vera | ||
| 999 | |c 240950 |d 240948 | ||
| 952 | |0 0 |1 0 |4 0 |6 511_300000000000000_LEW_1959 |7 0 |8 P |9 253077 |a BIBEDU |b BIBEDU |c BIBEDU_PB |d 2019-11-19 |i 1596128 |o 511.3 LEW 1959 |p 1596128 |r 2024-01-25 |w 2019-11-19 |y BK |k FIL | ||
| 952 | |0 0 |1 0 |4 0 |6 511_300000000000000_LEW_1959 |7 0 |8 A |9 253078 |a BIBMAT |b BIBMAT |d 2019-11-19 |i 1491938 |o 511.3 LEW 1959 |p 1491938 |r 2025-01-07 |w 2019-11-19 |y BK |k MAT | ||
| 952 | |0 0 |1 0 |4 0 |6 511_300000000000000_LEW_1959 |7 0 |8 A |9 253079 |a BIBMAT |b BIBMAT |d 2019-11-19 |i 1491989 |o 511.3 LEW 1959 |p 1491989 |r 2025-01-07 |w 2019-11-19 |y BK |k MAT | ||